01016nam a2200265Ia 450000100060000000300070000600800410001304000110005408000230006510000450008824500260013324500230015924501820018226000260036426000350039026000090042530000360043465300260047065300230049694200070051999900170052695200690054395200690061295200690068117169GE_BSU181216s||||||||xx |||||||||||||| ||und|| cGE_BSU a82-93:821.161.1-31 aპრილეჟაევა, მ.პ. aვოლგაზე bრომანი cთარგმ. ელენე გოგოლაშვილმა და ნონა კალანდარიშვილმა. რედ. ვ. ძიძიგური aთბილისი bსაბლიტგამი c1955 a498გვ. : ილ. ; 20სმ aვოლგაზე aრომანი cBK c50231d50231 00104070968435d2018-12-17p21460r2018-12-17w2018-12-17yBK 00104070968436d2018-12-17p21461r2018-12-17w2018-12-17yBK 00104070968437d2018-12-17p21462r2018-12-17w2018-12-17yBK